| 000 | 00491nam a2200169Ia 4500 | ||
|---|---|---|---|
| 003 | GCL | ||
| 008 | 140319s9999 xx 000 0 ara d | ||
| 040 |
_aGCL / _cGCL |
||
| 082 | 0 | 4 |
_a133.5 _bف م |
| 100 | 1 | _aفيرايمين | |
| 245 | 1 | 0 |
_a1994 ماذا تخبىء لك ? من خلال الابراج الغربية والصينية / _cفيرايمين |
| 260 |
_a[S.N] : _bجروس برس ، _c1994 |
||
| 300 | _a152 ص | ||
| 490 | _a | ||
| 650 | 0 | 4 | _aالتنجيم |
| 942 |
_2ddc _cBK |
||
| 999 |
_c39275 _d39275 |
||